ბათუმის შოთა რუსთაველის სახელმწიფო უნივერსიტეტის ბიბლიოთეკა

Актуальные вопросы ботаники в СССР: тезисы докладов VIII делегатского съезда всесоюзного общества (ბიბ.ჩანაწერი № 45020)

000 -LEADER
fixed length control field 00725nam a2200193Ia 4500
001 - CONTROL NUMBER
control field 11841
003 - CONTROL NUMBER IDENTIFIER
control field GE_BSU
008 - FIXED-LENGTH DATA ELEMENTS--GENERAL INFORMATION
fixed length control field 181216s||||||||xx |||||||||||||| ||und||
040 ## - CATALOGING SOURCE
Transcribing agency GE_BSU
080 ## - UNIVERSAL DECIMAL CLASSIFICATION NUMBER
Universal Decimal Classification number 58(063)
245 ## - TITLE STATEMENT
Title Актуальные вопросы ботаники в СССР: тезисы докладов VIII делегатского съезда всесоюзного общества
245 ## - TITLE STATEMENT
Statement of responsibility, etc. Ред.колл.Л.Н.Андреев и др. [Ред.А.Н.Ведерникова. Д.Ф.Русанова]
260 ## - PUBLICATION, DISTRIBUTION, ETC.
Place of publication, distribution, etc. Алма-Ата
260 ## - PUBLICATION, DISTRIBUTION, ETC.
Name of publisher, distributor, etc. Наука
260 ## - PUBLICATION, DISTRIBUTION, ETC.
Date of publication, distribution, etc. 1988
300 ## - PHYSICAL DESCRIPTION
Extent 590стр.25см.
653 ## - INDEX TERM--UNCONTROLLED
Uncontrolled term Актуальные вопросы ботаники в СССР
942 ## - ADDED ENTRY ELEMENTS (KOHA)
Koha item type წიგნი
ეგზემპლარები
Withdrawn status Lost status Damaged status Not for loan Date acquired Barcode Date last seen Price effective from Koha item type
        2018-12-17 20437 2018-12-17 2018-12-17 წიგნი